[Event "SVK-chT3A2 1819"]
[Site "Slovakia"]
[Date "2019.01.27"]
[Round "7.6"]
[White "Drahos, Miroslav"]
[Black "Hornak, Pavol"]
[Result "1/2-1/2"]
[WhiteElo "1704"]
[BlackElo "1729"]
[PlyCount "132"]
[EventDate "2018.10.07"]
[EventType "team-tourn"]
[EventRounds "11"]
[EventCountry "SVK"]
[SourceTitle "EXT 2020"]
[Source "ChessBase"]
[SourceDate "2019.10.17"]
[SourceVersion "1"]
[SourceVersionDate "2019.10.17"]
[SourceQuality "1"]
[WhiteTeam "Trnava Lokomotiva II"]
[BlackTeam "Cifer"]
[WhiteTeamCountry "SVK"]
[BlackTeamCountry "SVK"]

1. e4 c5 2. c3 d5 3. exd5 Qxd5 4. d4 cxd4 5. cxd4 e6 6. Nf3 Nf6 7. Nc3 Qd8 8. Bd3 Be7 9. 0-0 0-0 10. Be3 Nc6 11. Rc1 Nb4 12. Bb1 b6 13. a3 Nbd5 14. Nxd5 Nxd5 15. Qd3 g6 16. Bh6 Re8 17. Rfd1 Bb7 18. Ne5 Nf6 19. Qe3 Qd6 20. Ba2 Bf8 21. Bf4 Nd5 22. Bxd5 Qxd5 23. f3 Bg7 24. Rc7 f6 25. Rd7 Qb5 26. Rxb7 fxe5 27. Bxe5 Bxe5 28. Qxe5 Qxe5 29. dxe5 Reb8 30. Rdd7 Rxb7 31. Rxb7 Rc8 32. Rxa7 Rc1+ 33. Kf2 Rc2+ 34. Kg3 Rxb2 35. a4 Rb4 36. h3 h6 37. h4 h5 38. a5 bxa5 39. Rxa5 Rb7 40. Ra6 Re7 41. Kh3 Kf7 42. g4 hxg4+ 43. Kxg4 Kg7 44. Kg5 Rf7 45. f4 Re7 46. Rb6 Kf7 47. Kh6 Rd7 48. Rd6 Re7 49. Rd1 Rc7 50. Rg1 Rc4 51. Rg4 Rd4 52. h5 gxh5 53. Kxh5 Rc4 54. Kg5 Rc1 55. Kh4 Rc4 56. Kg3 Rc3+ 57. Kf2 Ra3 58. Rg1 Rb3 59. Re1 Ra3 60. Rg1 Rb3 61. Rg4 Ra3 62. Kg2 Ra2+ 63. Kg3 Ra3+ 64. Kh4 Ra8 65. Rg5 Ra1 66. Rg3 Ra8 1/2-1/2

[Event "SVK-chT4 A22 1718"]
[Site "Slovakia"]
[Date "2017.12.10"]
[Round "6.2"]
[White "Drahos, Miroslav"]
[Black "Zarecky, Eduard"]
[Result "1-0"]
[WhiteElo "1689"]
[BlackElo "1823"]
[PlyCount "57"]
[EventDate "2017.10.01"]
[EventType "team-tourn"]
[EventRounds "11"]
[EventCountry "SVK"]
[SourceTitle "EXT 2020"]
[Source "ChessBase"]
[SourceDate "2019.10.17"]
[SourceVersion "1"]
[SourceVersionDate "2019.10.17"]
[SourceQuality "1"]

1. e4 e5 2. Nf3 Nc6 3. Bb5 d6 4. 0-0 Nf6 5. Re1 Be7 6. h3 0-0 7. c3 Be6 8. d4 exd4 9. cxd4 d5 10. e5 Ne4 11. Nc3 Nxc3 12. bxc3 a6 13. Bd3 Qd7 14. Qc2 g6 15. Kh2 f5 16. Bh6 Rf7 17. Ng5 Bxg5 18. Bxg5 b5 19. a3 h5 20. f4 Ne7 21. Re3 Rc8 22. Rg3 Kh7 23. Be2 c5 24. Qd1 h4 25. Bxh4 Ng8 26. Bh5 gxh5 27. Qxh5+ Nh6 28. Rg6 Rg7 29. Rxh6+ 1-0

[Event "SVK-chT4 A22 1718"]
[Site "Slovakia"]
[Date "2017.11.26"]
[Round "5.5"]
[White "Matis, Tibor"]
[Black "Drahos, Miroslav"]
[Result "1-0"]
[WhiteElo "1911"]
[BlackElo "1701"]
[PlyCount "43"]
[EventDate "2017.10.01"]
[EventType "team-tourn"]
[EventRounds "11"]
[EventCountry "SVK"]
[SourceTitle "EXT 2020"]
[Source "ChessBase"]
[SourceDate "2019.10.17"]
[SourceVersion "1"]
[SourceVersionDate "2019.10.17"]
[SourceQuality "1"]

1. e4 e5 2. Nf3 Nc6 3. d4 exd4 4. Nxd4 Nf6 5. Nxc6 bxc6 6. Bd3 d5 7. e5 Ne4 8. 0-0 Bc5 9. Nd2 Nxd2 10. Bxd2 Be6 11. Kh1 Bd4 12. f4 g6 13. c3 Bc5 14. f5 gxf5 15. Bxf5 Qd7 16. Bxe6 Qxe6 17. Qa4 Be7 18. Rae1 0-0 19. Rf3 c5 20. Qc2 h6 21. Rg3+ Kh8 22. Rh3 1-0

[Event "SVK-chT3A2 1617"]
[Site "Slovakia"]
[Date "2017.03.05"]
[Round "10.2"]
[White "Drahos, Miroslav"]
[Black "Sarkozi, Szabolcs"]
[Result "1-0"]
[WhiteElo "1720"]
[BlackElo "1537"]
[PlyCount "95"]
[EventDate "2016.10.16"]
[EventType "team-tourn"]
[EventRounds "11"]
[EventCountry "SVK"]
[SourceTitle "EXT 2020"]
[Source "ChessBase"]
[SourceDate "2019.10.17"]
[SourceVersion "1"]
[SourceVersionDate "2019.10.17"]
[SourceQuality "1"]
[WhiteTeam "Trnava Lokomotiva III"]
[BlackTeam "Potonska Veza II"]
[WhiteTeamCountry "SVK"]
[BlackTeamCountry "SVK"]

1. e4 c5 2. c3 d5 3. exd5 Qxd5 4. d4 e6 5. Nf3 Nc6 6. Be2 Nf6 7. 0-0 Be7 8. h3 0-0 9. Be3 cxd4 10. Nxd4 Rd8 11. Nxc6 Qxc6 12. Qb3 e5 13. c4 Be6 14. Nd2 Rac8 15. Rac1 a6 16. Qc3 Bd6 17. Rfd1 Bb8 18. b3 Bd6 19. Nf1 Rd7 20. Qa5 Bc7 21. Qc3 Rxd1 22. Rxd1 Nd5 23. Qc1 Nxe3 24. Qxe3 f5 25. Qg5 Rf8 26. Ne3 Bb6 27. Nd5 Qc5 28. Nxb6 Qxb6 29. Qe7 Bf7 30. Rd7 Qa5 31. b4 Qb6 32. Rxb7 Qd4 33. Rd7 Qb6 34. c5 Qg6 35. Rd6 Re8 36. Qxe8+ Bxe8 37. Rxg6 hxg6 38. Bxa6 Kf7 39. b5 Ke7 40. b6 Kd8 41. a4 Bxa4 42. Bb7 Kd7 43. Kf1 Bb5+ 44. Ke1 g5 45. Kd2 f4 46. Kc3 e4 47. Bxe4 Kc8 48. Kd4 1-0

[Event "SVK-chT4A21 1213"]
[Site "Slovakia"]
[Date "2012.11.11"]
[Round "3.1"]
[White "Drahos, Miroslav"]
[Black "Kavon, Rastislav"]
[Result "1-0"]
[WhiteElo "1652"]
[BlackElo "1943"]
[PlyCount "51"]
[EventDate "2012.10.14"]
[EventType "team-tourn"]
[EventRounds "11"]
[EventCountry "SVK"]
[SourceTitle "EXT 2022"]
[Source "ChessBase"]
[SourceDate "2021.10.06"]
[SourceVersion "1"]
[SourceVersionDate "2021.10.06"]
[SourceQuality "1"]
[WhiteTeam "Trnava Lokomotiva Jun"]
[BlackTeam "Modranka Komplet Juniors"]
[WhiteTeamCountry "SVK"]
[BlackTeamCountry "SVK"]

1. e4 e5 2. Nf3 Nc6 3. Bb5 f5 4. Nc3 fxe4 5. Nxe4 Nf6 6. Nxf6+ gxf6 7. 0-0 Bg7 8. d4 0-0 9. dxe5 Nxe5 10. Bf4 d6 11. h3 Kh8 12. Re1 Rg8 13. Kh2 b6 14. Ba4 Bb7 15. Nd4 Qc8 16. Bb3 Bh6 17. Bxg8 Bxf4+ 18. g3 Qxg8 19. Qh5 Bd2 20. Re2 c5 21. f4 Nc4 22. Re7 Bc8 23. Re8 Bb7 24. Rxg8+ Rxg8 25. Qf7 Bxf4 26. Qxf6+ 1-0

[Event "SVK-chT4A21 1213"]
[Site "Slovakia"]
[Date "2012.10.14"]
[Round "1.1"]
[White "Drahos, Miroslav"]
[Black "Nemeckay, Rastislav"]
[Result "0-1"]
[WhiteElo "1652"]
[BlackElo "1980"]
[PlyCount "92"]
[EventDate "2012.10.14"]
[EventType "team-tourn"]
[EventRounds "11"]
[EventCountry "SVK"]
[SourceTitle "EXT 2022"]
[Source "ChessBase"]
[SourceDate "2021.10.06"]
[SourceVersion "1"]
[SourceVersionDate "2021.10.06"]
[SourceQuality "1"]
[WhiteTeam "Trnava Lokomotiva Jun"]
[BlackTeam "Stefanov"]
[WhiteTeamCountry "SVK"]
[BlackTeamCountry "SVK"]

1. e4 e5 2. Nf3 Nf6 3. Nxe5 d6 4. Nf3 Nxe4 5. d4 d5 6. Bd3 Bg4 7. 0-0 Bd6 8. Re1 f5 9. Bg5 Qxg5 10. Bxe4 fxe4 11. Nxg5 Bxd1 12. Rxd1 0-0 13. Nd2 Rf5 14. Nh3 g5 15. g4 Rf6 16. Kg2 Nd7 17. Nf1 Bf4 18. Ne3 Bxe3 19. fxe3 Rf3 20. Nxg5 Rf6 21. Rf1 Rg6 22. Nxh7 Kxh7 23. Rf7+ Rg7 24. Rxg7+ Kxg7 25. Rf1 Rf8 26. Rxf8 Nxf8 27. Kg3 Ne6 28. h4 Kg6 29. b3 c6 30. c3 a5 31. a3 c5 32. Kf2 Kf6 33. Kg3 b6 34. Kf2 b5 35. Kg3 cxd4 36. cxd4 a4 37. bxa4 bxa4 38. Kf2 Nc7 39. Ke2 Nb5 40. Kd2 Nxa3 41. Kc3 Nc4 42. Kb4 Nxe3 43. Kxa4 Nxg4 44. Kb3 Kf5 45. Kc3 Kf4 46. Kd2 Kf3 0-1